[Event "ICS rated blitz match"]
[Site "204.178.125.65"]
[Date "2001.03.05"]
[Round "?"]
[White "yakup1"]
[Black "Hossa"]
[Result "1/2-1/2"]
[WhiteElo "2023"]
[BlackElo "2587"]
[PlyCount "222"]
[EventDate "2001.??.??"]

1. e4 c5 2. Nf3 e6 3. Bc4 d5 4. exd5 exd5 5. Bb5+ Bd7 6. Bxd7+ Nxd7 7. O-O Bd6
8. d4 c4 9. Bg5 f6 10. Be3 Ne7 11. Nc3 O-O 12. Re1 Re8 13. Ne2 Qc7 14. Ng3 c3
15. b3 Bxg3 16. hxg3 Nf5 17. Qd3 Re4 18. Bf4 Qc6 19. Re2 Nb6 20. Rae1 Rae8 21.
a4 Nc8 22. Kf1 a5 23. Qb5 Qxb5 24. axb5 g5 25. Bc7 Rxe2 26. Rxe2 Rxe2 27. Kxe2
b6 28. Kd3 Nfd6 29. Bxd6 Nxd6 30. Kxc3 Ne4+ 31. Kb2 Nxf2 32. c4 dxc4 33. bxc4
Ne4 34. Ne1 Nd6 35. Kc3 f5 36. Nd3 Kf7 37. Nb2 Nc8 38. c5 Ke6 39. Na4 bxc5 40.
dxc5 Kd5 41. b6 Kc6 42. Kc4 Ne7 43. Nc3 Ng6 44. Nd5 h5 45. Nf6 a4 46. Nxh5 Ne5+
47. Kb4 Nd3+ 48. Kxa4 Nxc5+ 49. Ka5 Nd7 50. Ng7 Nxb6 51. Nxf5 Nd5 52. Nd4+ Kd6
53. Nf3 g4 54. Nh2 Ne3 55. Nxg4 Nxg4 56. Kb4 Ke5 57. Kc3 Kf6 58. Kd3 Kf5 59.
Ke2 Ke4 60. Kd2 Ne5 61. Ke2 Kf5 62. g4+ Kf4 63. g3+ Kg5 64. Ke3 Nc4+ 65. Ke4
Nb2 66. Ke3 Na4 67. Kd4 Nb6 68. Ke5 Nd7+ 69. Ke4 Nc5+ 70. Kf3 Kg6 71. Ke3 Ne6
72. Kf3 Kg5 73. Ke3 Nd8 74. Ke4 Nf7 75. Ke3 Ne5 76. Ke4 Nd7 77. Kd5 Nf6+ 78.
Kd4 Ne8 79. Kd3 Nd6 80. Ke3 Nb5 81. Ke2 Nc3+ 82. Kf2 Nd5 83. Kf3 Nf6 84. Kf2
Nd7 85. Ke3 Nb6 86. Kf3 Nc8 87. Kf2 Ne7 88. Kg2 Nc6 89. Kf2 Kg6 90. Kg2 Kf6 91.
Kf2 Ne5 92. g5+ Kf5 93. g4+ Kf4 94. Ke2 Ng6 95. Kf2 Ne7 96. Kg2 Ke4 97. g6 Kd5
98. g5 Kc6 99. g7 Ng8 100. g6 Kc7 101. Kf3 Kd7 102. Kf4 Ke6 103. Ke4 Kf6 104.
Kd4 Kf5 105. Kd5 Kg4 106. Kd6 Kf3 107. Ke6 Kg4 108. Kf7 Nh6+ 109. Kf8 Kg5 110.
g8=Q Nxg8 111. Kxg8 Kxg6 {Game drawn because neither player has mating material
} 1/2-1/2

[Event "ICS rated blitz match"]
[Site "204.178.125.65"]
[Date "2001.03.05"]
[Round "?"]
[White "Hossa"]
[Black "ChesterX"]
[Result "0-1"]
[WhiteElo "2572"]
[BlackElo "2643"]
[PlyCount "88"]
[EventDate "2001.??.??"]

1. e4 e6 2. d4 d5 3. Nd2 Nc6 4. Ngf3 Nf6 5. e5 Nd7 6. Be2 Be7 7. Nb3 O-O 8. Be3
f6 9. exf6 Nxf6 10. O-O Bd7 11. c3 a5 12. Qc2 Ng4 13. Bd3 h6 14. Rfe1 a4 15.
Nbd2 Bd6 16. Nf1 e5 17. Bh7+ Kh8 18. dxe5 Ncxe5 19. Nxe5 Nxe5 20. Bd4 Qg5 21.
Ng3 a3 22. b3 Ng4 23. Nf1 c5 24. Be3 Qh4 25. h3 Nxe3 26. Nxe3 Qf4 27. Rad1 Qh2+
28. Kf1 Rae8 29. Bg6 Qh1+ 30. Ke2 Qxg2 31. Rf1 Re6 32. Rd3 Bf4 33. Qc1 Qxg6 34.
Rg1 Qf5 35. Rf1 Bc6 36. Re1 Qh5+ 37. Kd2 Bxe3+ 38. Rexe3 Rxf2+ 39. Ke1 Ref6 40.
Rf3 R6xf3 41. Qe3 Rf1+ 42. Kd2 Rxe3 43. Kxe3 Qf3+ 44. Kd2 Qf2# {
Hossa checkmated} 0-1

[Event "ICS rated blitz match"]
[Site "204.178.125.65"]
[Date "2001.03.05"]
[Round "?"]
[White "QuarkX"]
[Black "Hossa"]
[Result "0-1"]
[WhiteElo "2551"]
[BlackElo "2559"]
[PlyCount "126"]
[EventDate "2001.??.??"]

1. e4 e6 2. d4 d5 3. Nc3 Nf6 4. Bg5 Be7 5. e5 Ne4 6. Bxe7 Nxc3 7. Bxd8 Nxd1 8.
Rxd1 Kxd8 9. Nf3 b6 10. Ng5 Ke7 11. Bd3 Ba6 12. O-O Bxd3 13. Rxd3 h6 14. Nh3 c5
15. c3 cxd4 16. cxd4 Rc8 17. Nf4 Rc2 18. Rb1 Nc6 19. a3 Rc8 20. b4 g5 21. Nh3
Rc4 22. f4 g4 23. Nf2 Nxd4 24. Nxg4 Ne2+ 25. Kf1 Rxf4+ 26. Kxe2 Rc2+ 27. Rd2
Rxd2+ 28. Kxd2 Rxg4 29. g3 Rd4+ 30. Ke3 Re4+ 31. Kd3 Rxe5 32. Rc1 Kd7 33. Rf1
f5 34. h3 Re4 35. Rf2 Re1 36. Rf3 Kd6 37. Kd2 Rg1 38. Ke3 Rh1 39. h4 Rh2 40.
Kf4 Re2 41. Rd3 Rf2+ 42. Ke3 Rc2 43. Rd2 Rxd2 44. Kxd2 e5 45. Kc3 d4+ 46. Kd2
e4 47. a4 Kd5 48. a5 bxa5 49. bxa5 Kc4 50. Kc2 d3+ 51. Kd2 Kd4 52. Kd1 e3 53.
Kc1 d2+ 54. Kc2 a6 55. h5 Ke4 56. g4 fxg4 57. Kd1 g3 58. Kc2 Kd4 59. Kd1 g2 60.
Kc2 Kc4 61. Kb2 d1=Q 62. Ka2 Qc2+ 63. Ka3 Qb3# {QuarkX checkmated} 0-1

[Event "ICS rated blitz match"]
[Site "204.178.125.65"]
[Date "2001.03.05"]
[Round "?"]
[White "Hossa"]
[Black "SHABBA"]
[Result "1-0"]
[WhiteElo "2575"]
[BlackElo "1990"]
[PlyCount "77"]
[EventDate "2001.??.??"]

1. d4 d5 2. Nf3 Nf6 3. c4 c6 4. e3 g6 5. cxd5 cxd5 6. Nc3 Bg7 7. Bb5+ Bd7 8.
Qb3 Bxb5 9. Qxb5+ Qd7 10. Bd2 O-O 11. Ne5 Qxb5 12. Nxb5 Nc6 13. Nc7 Rac8 14.
Nxc6 bxc6 15. Na6 Ne4 16. Bb4 Rfe8 17. f3 Nf6 18. Bc5 e5 19. dxe5 Rxe5 20. Bxa7
Nd7 21. Nc5 Rxe3+ 22. Kd2 Re7 23. Nd3 Ne5 24. Bd4 Nxd3 25. Kxd3 Bxd4 26. Kxd4
Re2 27. b3 Rxg2 28. a4 Re2 29. Ra3 f5 30. a5 Kf7 31. a6 Ke6 32. a7 Ra8 33. Ra6
Rc2 34. Kd3 Rc5 35. b4 Rc4 36. b5 Kd6 37. Rb1 g5 38. b6 c5 39. b7+ {
SHABBA resigns} 1-0

[Event "ICS rated blitz match"]
[Site "204.178.125.65"]
[Date "2001.03.05"]
[Round "?"]
[White "Hossa"]
[Black "armenjan"]
[Result "1-0"]
[WhiteElo "2579"]
[BlackElo "2183"]
[PlyCount "47"]
[EventDate "2001.??.??"]

1. d4 d5 2. Nf3 e6 3. e3 f5 4. c4 c6 5. cxd5 exd5 6. Ne5 Nf6 7. Bd3 Bd6 8. b3
O-O 9. Nc3 Be6 10. Qc2 Ne4 11. Bb2 Nd7 12. Nf3 Qf6 13. O-O-O Rae8 14. h4 h6 15.
Nxe4 fxe4 16. Bxe4 dxe4 17. d5 Ne5 18. dxe6 Nd3+ 19. Qxd3 exd3 20. Bxf6 Rxf6
21. Rxd3 Rexe6 22. Kb1 a6 23. Rhd1 Bf8 24. Rd7 {armenjan resigns} 1-0

[Event "ICS rated blitz match"]
[Site "204.178.125.65"]
[Date "2001.03.05"]
[Round "?"]
[White "PostModernist"]
[Black "Hossa"]
[Result "0-1"]
[WhiteElo "2594"]
[BlackElo "2582"]
[PlyCount "84"]
[EventDate "2001.??.??"]

1. d4 Nf6 2. c4 e6 3. Nf3 b6 4. g3 Ba6 5. Nbd2 Bb7 6. Bg2 c5 7. e4 cxd4 8. e5
Ne4 9. Nxe4 Bxe4 10. Qxd4 Bxf3 11. Bxf3 Nc6 12. Qf4 f6 13. Bxc6 Bb4+ 14. Bd2
Bxd2+ 15. Qxd2 dxc6 16. Qd6 Qxd6 17. exd6 O-O-O 18. O-O-O c5 19. Rhe1 e5 20. g4
Rd7 21. Rd2 Rhd8 22. Red1 Kb7 23. Rd3 Kc6 24. Ra3 a5 25. Rh3 h6 26. Rhd3 Rxd6
27. Rxd6+ Rxd6 28. Rxd6+ Kxd6 29. Kd2 Ke6 30. Ke3 a4 31. b3 axb3 32. axb3 g6
33. h3 f5 34. f3 Kf6 35. Kf2 h5 36. gxh5 gxh5 37. h4 f4 38. Ke2 Kf5 39. Kf1 e4
40. Kf2 Ke5 41. Kg2 e3 42. Kf1 Kd4 {PostModernist resigns} 0-1

[Event "ICS rated blitz match"]
[Site "204.178.125.65"]
[Date "2001.03.05"]
[Round "?"]
[White "Hossa"]
[Black "RivalChess"]
[Result "1-0"]
[WhiteElo "2599"]
[BlackElo "2334"]
[PlyCount "113"]
[EventDate "2001.??.??"]

1. d4 g6 2. e4 d6 3. Nc3 Nf6 4. Nf3 Bg7 5. Be2 O-O 6. O-O Nc6 7. d5 Ne5 8. Nxe5
dxe5 9. f4 exf4 10. Bxf4 c6 11. Rf2 Nxe4 12. Nxe4 Bxb2 13. dxc6 bxc6 14. Bh6
Re8 15. Bc4 Bf5 16. Ng5 e6 17. g4 Bxc2 18. Qxc2 Bxa1 19. Nxf7 Qd7 20. Kh1 Bd4
21. Qd1 c5 22. Rf4 Qb7+ 23. Qf3 Rab8 24. Nd6 Qxf3+ 25. Rxf3 Re7 26. Nb5 a6 27.
Nxd4 cxd4 28. Rf6 Kh8 29. Bxe6 a5 30. Bc4 Re1+ 31. Kg2 Re7 32. Rd6 Re3 33. Bxe3
dxe3 34. Kf3 Rc8 35. Rd4 Re8 36. Re4 Rxe4 37. Kxe4 Kg7 38. Kxe3 Kf6 39. Kf4 g5+
40. Ke4 Kg6 41. Kd4 Kg7 42. Kc5 a4 43. Kb4 Kh8 44. Kxa4 Kg7 45. Kb5 Kf8 46. a4
Ke7 47. a5 Kd6 48. a6 Kc7 49. Bd5 Kd6 50. Bg8 Ke5 51. Bxh7 Kf4 52. a7 Ke5 53.
a8=Q Kd6 54. Qf8+ Kd7 55. Bf5+ Kc7 56. Qc8+ Kd6 57. Qc5# {RivalChess checkmated
} 1-0

[Event "ICS rated standard match"]
[Site "204.178.125.65"]
[Date "2001.03.05"]
[Round "?"]
[White "Hossa"]
[Black "IronMaiden"]
[Result "1-0"]
[WhiteElo "2356"]
[BlackElo "2238"]
[PlyCount "43"]
[EventDate "2001.??.??"]

1. d4 Nf6 2. Nc3 d5 3. Bf4 Bf5 4. e3 e6 5. Bd3 Bd6 6. Bxd6 Qxd6 7. Bxf5 exf5 8.
Qd3 g6 9. O-O-O c6 10. Nh3 O-O 11. f3 Re8 12. Qd2 Nbd7 13. Kb1 Nb6 14. Qc1 a5
15. Rde1 a4 16. Nf4 Nc4 17. Nd1 Re7 18. Nd3 b6 19. h3 h5 20. g4 hxg4 21. hxg4
f4 22. Nxf4 {IronMaiden resigns} 1-0

[Event "ICS rated blitz match"]
[Site "204.178.125.65"]
[Date "2001.03.05"]
[Round "?"]
[White "qaz"]
[Black "Hossa"]
[Result "0-1"]
[WhiteElo "1941"]
[BlackElo "2609"]
[PlyCount "30"]
[EventDate "2001.??.??"]

1. e4 e6 2. d4 d5 3. Nc3 Nf6 4. Bg5 Be7 5. exd5 exd5 6. Nf3 O-O 7. Bd3 h6 8.
Bh4 Nc6 9. O-O g5 10. Bg3 Bg4 11. h3 Bxf3 12. Qxf3 Nxd4 13. Qe3 Bc5 14. Qe5 Rc8
15. h4 Re8 {qaz resigns} 0-1

[Event "ICS rated blitz match"]
[Site "204.178.125.65"]
[Date "2001.03.05"]
[Round "?"]
[White "QuarkX"]
[Black "Hossa"]
[Result "1/2-1/2"]
[WhiteElo "2574"]
[BlackElo "2610"]
[PlyCount "310"]
[EventDate "2001.??.??"]

1. e4 c5 2. Nf3 e6 3. d4 cxd4 4. Nxd4 a6 5. Bd3 Nf6 6. O-O d6 7. c4 g6 8. Nc3
Bg7 9. Nb3 O-O 10. Be2 Nc6 11. Bf4 e5 12. Bg5 h6 13. Be3 a5 14. a4 h5 15. c5
dxc5 16. Bxc5 Qxd1 17. Rfxd1 Rd8 18. Rxd8+ Nxd8 19. Bb6 Nc6 20. Rd1 Be6 21. Nc5
Bc8 22. Bc4 Bh6 23. Nb5 Bf8 24. Nd6 Bxd6 25. Rxd6 Kg7 26. b3 g5 27. h3 g4 28.
hxg4 hxg4 29. Rd1 Kg6 30. Kh2 Kg7 31. Kh1 Kg6 32. Rd6 Kg7 33. Rd2 Kf8 34. Bb5
Nd4 35. Bc7 Ne6 36. Nxe6+ Bxe6 37. Bxe5 Nxe4 38. Re2 Bd5 39. Bd7 Rd8 40. Bxg4
Re8 41. Bd4 Bxb3 42. Bf3 Nd6 43. Rb2 Bxa4 44. Bc5 Re6 45. Rxb7 Be8 46. Rb6 Ke7
47. Bd5 Rg6 48. Rb7+ Kf8 49. Bb3 Kg7 50. Ra7 Nb5 51. Rxa5 Bc6 52. f3 Rg5 53.
Bf2 Kg8 54. Bc4 Kf8 55. Ra6 Be8 56. g4 Nc7 57. Ra7 Nb5 58. Ra8 Nd6 59. Bb3 Rb5
60. Ba4 Rb1+ 61. Kg2 Rb2 62. Kf1 Rb1+ 63. Ke2 Rb2+ 64. Ke1 Rb1+ 65. Kd2 Ra1 66.
Bc6 Nc4+ 67. Kc3 Rxa8 68. Bc5+ Kg8 69. Bxa8 Ne5 70. Bd6 Bc6 71. Bxc6 Nxc6 72.
Kc4 Nd8 73. Kd5 Ne6 74. f4 Kh7 75. Ke5 Kg7 76. g5 Nxf4 77. Kxf4 f6 78. g6 Kxg6
79. Kg4 Kh7 80. Kf5 Kg7 81. Bc5 Kf7 82. Be3 Kg7 83. Ba7 Kf7 84. Bd4 Kg8 85. Bc3
Kh8 86. Ba1 Kg8 87. Bd4 Kh8 88. Bc5 Kg7 89. Be7 Kh7 90. Ba3 Kg7 91. Bd6 Kf7 92.
Bf4 Kg7 93. Bg3 Kf7 94. Bf2 Kg7 95. Be1 Kf7 96. Bb4 Kg7 97. Ba3 Kf7 98. Bb2 Kg8
99. Kf4 Kh7 100. Ke4 Kg8 101. Kf5 Kh8 102. Kg6 Kg8 103. Bc1 Kh8 104. Be3 Kg8
105. Bh6 f5 106. Bf4 Kh8 107. Kf6 Kg8 108. Ke5 Kh8 109. Kd4 Kg8 110. Kc4 Kh7
111. Kd3 Kg8 112. Kd4 Kh7 113. Ke3 Kg8 114. Kf3 Kh7 115. Kf2 Kg8 116. Ke3 Kh7
117. Kd2 Kg8 118. Kc3 Kh7 119. Kb3 Kg8 120. Kb4 Kh7 121. Kc5 Kg8 122. Kd5 Kh7
123. Kc4 Kg8 124. Kd3 Kh7 125. Ke2 Kg8 126. Ke1 Kh7 127. Kd1 Kg8 128. Ke2 Kh7
129. Kf3 Kg8 130. Kf2 Kh7 131. Kf1 Kg8 132. Kg2 Kh7 133. Kh2 Kg8 134. Kg3 Kh7
135. Kg2 Kg8 136. Kf1 Kh7 137. Ke1 Kg8 138. Kd2 Kh7 139. Kc2 Kg8 140. Kd1 Kh7
141. Kc1 Kg8 142. Kc2 Kh7 143. Kc3 Kg8 144. Kb3 Kh7 145. Kb2 Kg8 146. Ka2 Kh7
147. Kb1 Kg8 148. Ka1 Kh7 149. Bg3 Kg8 150. Kb2 Kh7 151. Kc3 Kg8 152. Kd3 Kh7
153. Ke2 Kg8 154. Be5 Kh7 155. Ke3 Kg8 {Game drawn by the 50 move rule} 1/2-1/2

[Event "ICS rated standard match"]
[Site "204.178.125.65"]
[Date "2001.03.06"]
[Round "?"]
[White "KillorbeKilled"]
[Black "Hossa"]
[Result "0-1"]
[WhiteElo "1969"]
[BlackElo "2363"]
[PlyCount "94"]
[EventDate "2001.??.??"]

1. d4 Nf6 2. c4 e6 3. Nc3 Bb4 4. Qc2 O-O 5. a3 Bxc3+ 6. Qxc3 b6 7. f3 d5 8. e3
Ba6 9. b3 Nc6 10. Bb2 dxc4 11. Bxc4 Nd5 12. Qd3 Qg5 13. Kf2 b5 14. Bxd5 exd5
15. h4 Qf6 16. b4 Rfe8 17. Ne2 Ne7 18. Ng3 Rad8 19. h5 Qh6 20. Rac1 c6 21. Rhe1
Qg5 22. Rh1 Rd6 23. Rce1 f5 24. Bc1 Qf6 25. Ne2 Qf7 26. Nf4 Nc8 27. Rh3 Rh6 28.
Reh1 Nd6 29. Rg3 Nc4 30. Rhh3 Bc8 31. Rg5 Qf6 32. Rhg3 Re7 33. Qf1 Bd7 34. Qh1
Qf8 35. Qh4 Rf7 36. Nd3 f4 37. Nxf4 Bf5 38. Qh1 Qe7 39. Qe1 Rhf6 40. Qe2 h6 41.
Ng6 Qe8 42. Rxf5 Rxf5 43. Qd3 Rxh5 44. Nf4 Rh1 45. Qc2 Rxf4 46. Bd2 Rf7 47. Bc3
Qxe3# {KillorbeKilled checkmated} 0-1

[Event "ICS rated blitz match"]
[Site "204.178.125.65"]
[Date "2001.03.06"]
[Round "?"]
[White "Ericsson"]
[Black "Hossa"]
[Result "0-1"]
[WhiteElo "2121"]
[BlackElo "2590"]
[PlyCount "70"]
[EventDate "2001.??.??"]

1. d4 Nf6 2. c4 e6 3. Nf3 b6 4. e3 Bb7 5. Nc3 d5 6. Bd3 dxc4 7. Bxc4 Be7 8. O-O
O-O 9. Qe2 Nc6 10. Rd1 Qd7 11. a3 Na5 12. Ba2 Bxf3 13. Qxf3 a6 14. b4 Nc6 15.
Bb2 Bd6 16. d5 Ne5 17. Qe2 Neg4 18. h3 Ne5 19. dxe6 fxe6 20. f4 Nf7 21. Rac1 c5
22. Qf3 cxb4 23. axb4 Qe7 24. Ne4 Nxe4 25. Qxe4 Bxb4 26. Qxe6 Qxe6 27. Bxe6 Bc5
28. Kf2 Rfe8 29. f5 Ra7 30. h4 g6 31. g4 Kf8 32. Kf3 Nd8 33. Bb3 Rxe3+ 34. Kg2
Rxb3 35. Rxd8+ Ke7 {Ericsson resigns} 0-1

[Event "ICS rated blitz match"]
[Site "204.178.125.65"]
[Date "2001.03.06"]
[Round "?"]
[White "Ericsson"]
[Black "Hossa"]
[Result "0-1"]
[WhiteElo "2117"]
[BlackElo "2594"]
[PlyCount "80"]
[EventDate "2001.??.??"]

1. d4 Nf6 2. c4 e6 3. Nf3 b6 4. e3 Bb7 5. Nc3 d5 6. Bd3 dxc4 7. Bxc4 Be7 8. O-O
O-O 9. Qe2 Nc6 10. Rd1 Qd7 11. a3 Na5 12. Ba2 Bxf3 13. Qxf3 a6 14. b4 Nc6 15.
Qe2 Nd5 16. Bb2 Nxc3 17. Bxc3 Bf6 18. Rac1 Na7 19. d5 Bxc3 20. dxe6 Qb5 21. Bc4
Qe5 22. exf7+ Kh8 23. f4 Qf6 24. Rd3 Bb2 25. Rcd1 Nb5 26. a4 Nd6 27. Bd5 Rad8
28. g4 g5 29. fxg5 Qg7 30. h4 Bc3 31. Qc2 c6 32. Ba2 Bxb4 33. Qxc6 Bc5 34. a5
Nxf7 35. Bxf7 Rxd3 36. Rxd3 Qxf7 37. Qg2 bxa5 38. h5 Qg7 39. g6 hxg6 40. hxg6
Qxg6 {Ericsson resigns} 0-1

[Event "ICS rated blitz match"]
[Site "204.178.125.65"]
[Date "2001.03.06"]
[Round "?"]
[White "Hossa"]
[Black "Ericsson"]
[Result "1-0"]
[WhiteElo "2596"]
[BlackElo "2115"]
[PlyCount "79"]
[EventDate "2001.??.??"]

1. d4 Nf6 2. Nc3 d5 3. Bf4 g6 4. Nf3 Bg7 5. e3 O-O 6. Bd3 c5 7. dxc5 Qa5 8. O-O
Qxc5 9. Nd4 Nc6 10. Nb3 Qb6 11. Bb5 Bd7 12. Nxd5 Nxd5 13. Qxd5 Be6 14. Qc5 Bxb2
15. Rab1 Bf6 16. a3 Rac8 17. Qxb6 axb6 18. Nd2 Rfd8 19. Ne4 Bg7 20. Bd3 Ne5 21.
Rxb6 Nxd3 22. cxd3 Rxd3 23. Rxb7 Rxa3 24. Rxe7 Bf8 25. Rb7 Ra2 26. Be5 Bg7 27.
Nf6+ Bxf6 28. Bxf6 h6 29. h3 g5 30. Rfb1 Kh7 31. R7b2 Rc2 32. Rxa2 Rxa2 33. Rb6
Kg6 34. Bb2 h5 35. Kh2 g4 36. e4 gxh3 37. f4 Kh7 38. f5 Bc4 39. Rb8 Kh6 40. Bf6
{Ericsson resigns} 1-0

[Event "ICS rated standard match"]
[Site "204.178.125.65"]
[Date "2001.03.06"]
[Round "?"]
[White "Hossa"]
[Black "QuarkX"]
[Result "0-1"]
[WhiteElo "2366"]
[BlackElo "2373"]
[PlyCount "50"]
[EventDate "2001.??.??"]

1. Nf3 Nf6 2. Nc3 d5 3. e3 Bg4 4. h3 Bh5 5. g4 Bg6 6. Ne5 e6 7. h4 Bd6 8. d4
Ne4 9. Nxe4 Bxe4 10. f3 f6 11. fxe4 fxe5 12. exd5 exd5 13. c4 exd4 14. Qxd4
Bg3+ 15. Kd1 Nc6 16. Qxd5 Qe7 17. Bd2 Rd8 18. Qg2 Bxh4 19. Kc1 O-O 20. Qh3 Rf2
21. Be1 Nb4 22. Be2 Qe4 23. Bxb4 Rxe2 24. Bd2 Rexd2 25. Qxh4 Qc2# {
Hossa checkmated} 0-1

[Event "ICS rated blitz match"]
[Site "204.178.125.65"]
[Date "2001.03.06"]
[Round "?"]
[White "Ericsson"]
[Black "Hossa"]
[Result "0-1"]
[WhiteElo "2109"]
[BlackElo "2602"]
[PlyCount "64"]
[EventDate "2001.??.??"]

1. d4 Nf6 2. c4 e6 3. Nf3 b6 4. e3 Bb7 5. Nc3 d5 6. Bd3 dxc4 7. Bxc4 Be7 8. O-O
O-O 9. Qe2 Nc6 10. Rd1 Qd7 11. a3 Na5 12. Ba2 Bxf3 13. Qxf3 a6 14. b4 Nc6 15.
Bb2 Bd6 16. Rac1 Rfd8 17. Qe2 Ne7 18. e4 Bf4 19. Rc2 c6 20. g3 Bh6 21. f4 a5
22. b5 cxb5 23. Qxb5 Qxb5 24. Nxb5 Nxe4 25. Nc7 Rac8 26. Rdc1 g5 27. d5 Nxd5
28. Nxd5 Rxc2 29. Rxc2 exd5 30. f5 Bg7 31. Bxg7 Kxg7 32. Rc6 b5 {
Ericsson resigns} 0-1

[Event "ICS rated blitz match"]
[Site "204.178.125.65"]
[Date "2001.03.06"]
[Round "?"]
[White "Hossa"]
[Black "Ericsson"]
[Result "1-0"]
[WhiteElo "2604"]
[BlackElo "2107"]
[PlyCount "49"]
[EventDate "2001.??.??"]

1. d4 Nf6 2. Nc3 d5 3. Bf4 g6 4. Nf3 Bg7 5. e3 O-O 6. Bd3 c5 7. dxc5 Qa5 8. O-O
Qxc5 9. Nd4 Nc6 10. Nb3 Qb6 11. Bb5 Rd8 12. Qd3 e5 13. Bxc6 exf4 14. Nxd5 Nxd5
15. Bxd5 Be6 16. c4 Bxb2 17. Rab1 Be5 18. Nd4 Qd6 19. Bxe6 fxe6 20. Qe2 b6 21.
Nf3 Kg7 22. Rbd1 Qc7 23. exf4 Bxf4 24. g3 Bd6 25. Nd4 {Ericsson resigns} 1-0

[Event "ICS rated blitz match"]
[Site "204.178.125.65"]
[Date "2001.03.06"]
[Round "?"]
[White "Hossa"]
[Black "Ericsson"]
[Result "1-0"]
[WhiteElo "2608"]
[BlackElo "2103"]
[PlyCount "26"]
[EventDate "2001.??.??"]

1. d4 Nf6 2. c4 g6 3. Nc3 d5 4. Nf3 Bg7 5. Qb3 dxc4 6. Qxc4 O-O 7. Bf4 Nc6 8.
d5 Na5 9. Qd3 c6 10. d6 exd6 11. Bxd6 Re8 12. O-O-O b5 13. Bb4 Nc4 {
Ericsson resigns} 1-0

[Event "ICS rated blitz match"]
[Site "204.178.125.65"]
[Date "2001.03.06"]
[Round "?"]
[White "Ericsson"]
[Black "Hossa"]
[Result "0-1"]
[WhiteElo "2101"]
[BlackElo "2610"]
[PlyCount "28"]
[EventDate "2001.??.??"]

1. d4 d5 2. c4 e6 3. Nc3 c6 4. e3 Bd6 5. Nf3 Ne7 6. Bd3 dxc4 7. Bxc4 O-O 8. e4
b5 9. Bd3 Nd7 10. O-O e5 11. Bg5 f6 12. Bh4 exd4 13. Nxd4 Nc5 14. Nf3 Nxd3 {
Ericsson resigns} 0-1

[Event "ICS Rated blitz match"]
[Site "204.178.125.65"]
[Date "2001.03.06"]
[Round "?"]
[White "Hossa"]
[Black "Ericsson"]
[Result "1-0"]
[WhiteElo "2616"]
[BlackElo "2095"]
[PlyCount "83"]
[EventDate "2001.??.??"]

1. Nf3 Nf6 2. Nc3 c5 3. e4 d6 4. e5 dxe5 5. Nxe5 Qc7 6. d4 cxd4 7. Qxd4 Nc6 8.
Nxc6 bxc6 9. Bf4 Qb6 10. Qxb6 axb6 11. Bd3 e6 12. Be3 Nd7 13. Ne4 Be7 14. O-O
O-O 15. Bf4 Nc5 16. Nxc5 Bxc5 17. Be3 Bxe3 18. fxe3 Rd8 19. Rad1 Kf8 20. a3 h6
21. Kf2 Ke7 22. Kf3 Bb7 23. g4 Rd7 24. Be4 g6 25. Rxd7+ Kxd7 26. Kf4 Ke7 27.
Rd1 Rd8 28. Rxd8 Kxd8 29. h4 Ke7 30. g5 hxg5+ 31. Kxg5 f5 32. Bg2 Kf7 33. a4 e5
34. h5 gxh5 35. Kxf5 Bc8+ 36. Kxe5 Bd7 37. Kd6 Be8 38. Kc7 h4 39. Kxb6 Kf6 40.
a5 Ke5 41. a6 Bg6 42. a7 {Ericsson resigns} 1-0

[Event "ICS Rated blitz match"]
[Site "204.178.125.65"]
[Date "2001.03.06"]
[Round "?"]
[White "sirezex"]
[Black "Hossa"]
[Result "0-1"]
[WhiteElo "2086"]
[BlackElo "2618"]
[PlyCount "86"]
[EventDate "2001.??.??"]

1. d4 Nf6 2. c3 d5 3. Bf4 Bg4 4. Nd2 e6 5. Ngf3 Nh5 6. Bg3 Nxg3 7. hxg3 Bd6 8.
Qc2 Bf5 9. Qb3 b6 10. Nh4 Bg4 11. e4 dxe4 12. Nxe4 Be7 13. Bb5+ c6 14. Be2 Bxe2
15. Kxe2 Qd5 16. Qxd5 cxd5 17. Nd2 Nc6 18. Nhf3 h6 19. Rh5 Bd6 20. a3 Kd7 21.
g4 f6 22. Rah1 e5 23. dxe5 Rae8 24. Kd1 Nxe5 25. Nxe5+ Bxe5 26. Nf3 Rhf8 27.
Nxe5+ fxe5 28. f3 Re6 29. Re1 Kd6 30. Rf5 Rxf5 31. gxf5 Rf6 32. g4 h5 33. Kd2
h4 34. Rh1 Rh6 35. Ke3 h3 36. Rh2 Rh8 37. f4 e4 38. Kd4 Rh4 39. g5 Rxf4 40.
Rxh3 Rxf5 41. Rg3 Rf2 42. b4 Rc2 43. Rh3 Rd2+ {sirezex resigns} 0-1

[Event "ICS rated blitz match"]
[Site "204.178.125.65"]
[Date "2001.03.06"]
[Round "?"]
[White "Hossa"]
[Black "sirezex"]
[Result "1-0"]
[WhiteElo "2619"]
[BlackElo "2085"]
[PlyCount "61"]
[EventDate "2001.??.??"]

1. d4 d6 2. c4 c6 3. e4 g6 4. Bd3 Bg7 5. Ne2 Nf6 6. O-O O-O 7. Bg5 h6 8. Be3
Nbd7 9. Nd2 e5 10. f3 Qe7 11. d5 c5 12. Nb3 Nh7 13. Qd2 g5 14. Ng3 Ndf6 15. Qf2
Ne8 16. Rfd1 Bf6 17. Nh5 Ng7 18. Nxg7 Bxg7 19. Nxc5 dxc5 20. Bxc5 Qd8 21. Bxf8
Nxf8 22. c5 Ng6 23. Bb5 Bd7 24. c6 Be8 25. cxb7 Rb8 26. Bxe8 Qxe8 27. Qxa7 Nf4
28. Rd2 Bf8 29. d6 Qd8 30. d7 Bb4 31. Qxb8 {sirezex resigns} 1-0

[Event "ICS rated blitz match"]
[Site "204.178.125.65"]
[Date "2001.03.06"]
[Round "?"]
[White "sirezex"]
[Black "Hossa"]
[Result "0-1"]
[WhiteElo "2084"]
[BlackElo "2620"]
[PlyCount "64"]
[EventDate "2001.??.??"]

1. d4 Nf6 2. c3 d5 3. Bf4 Bg4 4. h3 Bf5 5. e3 e6 6. Bd3 Bxd3 7. Qxd3 c5 8. Nd2
cxd4 9. exd4 Nc6 10. Ngf3 Bd6 11. Bxd6 Qxd6 12. O-O O-O 13. Rfe1 Qf4 14. Qe3
Qf5 15. Rac1 h6 16. Ne5 Nxe5 17. Qxe5 Qxe5 18. Rxe5 g5 19. Rf1 g4 20. hxg4 Nxg4
21. Re2 Kg7 22. f3 Nf6 23. Nb3 a5 24. Rfe1 b6 25. a3 Rg8 26. Kf2 Ra7 27. Nc1
Rb7 28. Nd3 Ne8 29. Ne5 Nd6 30. g4 Rc7 31. Ke3 b5 32. Kd3 f6 {sirezex resigns}
0-1

[Event "ICS rated blitz match"]
[Site "204.178.125.65"]
[Date "2001.03.06"]
[Round "?"]
[White "qaz"]
[Black "Hossa"]
[Result "0-1"]
[WhiteElo "1924"]
[BlackElo "2622"]
[PlyCount "52"]
[EventDate "2001.??.??"]

1. e4 e6 2. d4 d5 3. Nc3 Nf6 4. Bg5 Be7 5. exd5 Nxd5 6. Bxe7 Qxe7 7. Nxd5 exd5+
8. Qe2 Be6 9. Nf3 O-O 10. O-O-O Nc6 11. Ne5 Rfe8 12. Nxc6 bxc6 13. Re1 Rab8 14.
Qd2 c5 15. dxc5 Qxc5 16. Bd3 d4 17. f4 Bxa2 18. Rxe8+ Rxe8 19. Re1 Rb8 20. Re5
Qc6 21. Qe2 f6 22. Ra5 Bf7 23. Rb5 Re8 24. Qf2 Qa6 25. Qxd4 Qa1+ 26. Kd2 Qe1# {
qaz checkmated} 0-1

[Event "ICS rated blitz match"]
[Site "204.178.125.65"]
[Date "2001.03.06"]
[Round "?"]
[White "Ericsson"]
[Black "Hossa"]
[Result "0-1"]
[WhiteElo "2095"]
[BlackElo "2623"]
[PlyCount "56"]
[EventDate "2001.??.??"]

1. d4 Nf6 2. c4 e6 3. Nf3 b6 4. e3 Bb7 5. Nc3 d5 6. Bd3 dxc4 7. Bxc4 Be7 8. O-O
O-O 9. Qe2 Nc6 10. Rd1 Qd7 11. a3 Na5 12. Ba2 Bxf3 13. Qxf3 a6 14. b4 Nc6 15.
Bb2 Bd6 16. e4 Nxd4 17. Rxd4 Bxh2+ 18. Kxh2 Qxd4 19. Rd1 Qe5+ 20. g3 Rad8 21.
Rxd8 Rxd8 22. Qe2 Qg5 23. Nb1 Ng4+ 24. Kg2 Qh5 25. Nd2 Qh2+ 26. Kf3 h5 27. Nc4
Rd3+ 28. Kf4 Nxf2 {Ericsson resigns} 0-1

[Event "ICS rated blitz match"]
[Site "204.178.125.65"]
[Date "2001.03.06"]
[Round "?"]
[White "Kurios"]
[Black "Hossa"]
[Result "1-0"]
[WhiteElo "2728"]
[BlackElo "2624"]
[PlyCount "135"]
[EventDate "2001.??.??"]

1. Nf3 d5 2. d4 Nf6 3. c4 e6 4. Nc3 Bb4 5. Bg5 h6 6. Bxf6 Qxf6 7. Qb3 Bxc3+ 8.
Qxc3 dxc4 9. Qxc4 Nc6 10. e3 Qe7 11. Bd3 Qb4+ 12. Qc3 Qxc3+ 13. bxc3 Bd7 14.
O-O g5 15. h3 Ke7 16. Rfb1 b6 17. c4 Kd6 18. c5+ bxc5 19. dxc5+ Kxc5 20. Be4 f5
21. Rc1+ Kd6 22. Rd1+ Ke7 23. Rxd7+ Kxd7 24. Rd1+ Ke7 25. Bxc6 Rhd8 26. Nd4
Rab8 27. Ba4 Kf6 28. Rc1 Rb7 29. Bb3 Rd6 30. Rc5 a6 31. g3 f4 32. g4 fxe3 33.
fxe3 Rd7 34. Kf2 Rb6 35. Kf3 Rbd6 36. Bc4 Rb6 37. a4 Rf7 38. a5 Rd6 39. Ke4 Rh7
40. Nc6 h5 41. Bxa6 hxg4 42. hxg4 Rh3 43. Bb7 Rd1 44. a6 Re1 45. a7 Rhxe3+ 46.
Kd4 Re4+ 47. Kc3 R1e3+ 48. Kb2 Re2+ 49. Rc2 Rxc2+ 50. Kxc2 Ra4 51. a8=Q Rxa8
52. Bxa8 Kf7 53. Bb7 Kg7 54. Kd3 Kg6 55. Ke4 Kf6 56. Bc8 Kg6 57. Ke5 Kg7 58.
Bxe6 Kg6 59. Bd5 Kg7 60. Kf5 Kf8 61. Kxg5 Ke8 62. Be6 Kf8 63. Kf6 Ke8 64. g5
Kf8 65. g6 Ke8 66. Bf5 Kf8 67. g7+ Ke8 68. g8=Q# {Hossa checkmated} 1-0